Shapes of Caribbean Countries Quiz - Statistics

General Stats
  • This quiz has been taken 317 times
    316 since last reset
  • The average score is 15 of 21
Answer Stats
Picture Answer % Correct
Cuba
98%
Jamaica
82%
Trinidad and Tobago
80%
Saint Kitts and Nevis
76%
Haiti
75%
Mexico
75%
Belize
73%
Antigua and Barbuda
72%
Dominican Republic
71%
Panama
71%
Barbados
69%
Saint Lucia
68%
Dominica
66%
Saint Vincent and the Grenadines
65%
Grenada
64%
Nicaragua
63%
Guatemala
62%
Venezuela
61%
Costa Rica
59%
Colombia
57%
Honduras
54%
No matching quizzes found
Score Distribution
Percent of People with Each Score
Percentile by Number Answered
Your Score History
You have not taken this quiz since the last reset